Super Smash Bros. Fighters #29 - The Zero Suit Samus Quiz - Statistics

General Stats
  • This quiz has been taken 43 times
  • The average score is 8 of 15
Answer Stats
Hint Answer % Correct
In how many hours do you need to beat the game in to see this bonus? 1 hour
82%
What year was this game released? 2004
82%
Zero Suit Samus teams up with this Pokémon in the Subspace Emissary: Pikachu
79%
Samus can be seen wearing what piece of swimwear at the end of playthrough of Metroid? Bikini
76%
Zero Suit Samus first appeared in what remake of the original Metroid game? Metroid: Zero Mission
71%
Samus can be seen with a casual outfit in the ending of which 2002 GBA game? Metroid: Fusion
62%
Symbols from what alien species can be found along the Zero Suit? Chozo
56%
Zero Suit Samus also makes a playable appearance in which Wii game? Metroid: Other M
53%
Samus' appearance outside the power suit is based on this character from Aliens: Ellen Ripley
47%
What is Zero Suit Samus' main weapon? Paralyzer
41%
What weapon not seen in the Metroid series does Samus use in Super Smash Bros.? Jet Boots
38%
In Super Smash Bros. Brawl, players can swap between Samus and Zero Suit Samus by using their final smashes. What are the names of these attacks? Zero Laser
35%
Players can input what code to play as Samus without her Power Suit in the original Metroid? JUSTIN BAILEY
26%
Scanning a Zero Suit Samus amiibo in this fashionable 3DS game unlocks a special themed outfit: Style Savvy: Fashion Forward
26%
In Super Smash Bros. Brawl, players can swap between Samus and Zero Suit Samus by using their final smashes. What are the names of these attacks? Power Suit Samus
12%
No matching quizzes found
Score Distribution
Percent of People with Each Score
Percentile by Number Answered
Your Score History
You have not taken this quiz